[Event "15th Avicenna Open Masters 2018"]
[Site "Avicenna"]
[Date "2018.08.18"]
[Round "3"]
[White "Hosseinipour, Mehdi"]
[Black "Toufighi, Homayoon"]
[Result "1/2-1/2"]
[WhiteElo "2327"]
[BlackElo "2449"]
[Annotator "TA"]
[PlyCount "34"]
[EventDate "2018.08.17"]
[EventType "swiss"]
[EventCountry "IRI"]
[SourceTitle "playchess.com"]
[Source "ChessBase"]
[SourceQuality "1"]

{[%evp 18,34,40,29,32,33,32,36,38,21,13,7,38,35,44,46,58,39,29]} 1. e4 c5 2. Nf3 g6 3. c4 d6 4. d4 cxd4 5. Nxd4 Bg7 6. Nc3 Nc6 7. Be3 Nf6 8. Be2 O-O 9. f3 Nd7 10. Qd2 {LiveBook: 4 Games. B38: Sicilian: Maroczy Bind with 5...Bg7 and 7...0-0} (10. Rc1 Nc5 11. Nb3 Be6 12. O-O Rc8 13. Nd4 Qb6 14. b3 Nxb3 15. Nf5 Bd4 16. axb3 Bxe3+ 17. Nxe3 Qxe3+ {Mrkvicka,J (2485)-Yloenen,O (2473) ICCF email 2016}) 10... Nxd4 11. Bxd4 Bxd4 12. Qxd4 Qb6 13. O-O-O (13. Qxb6 {is interesting.} Nxb6 14. b3 h5 15. Kf2 a5 16. Nd5) 13... Qxd4 14. Rxd4 Nb6 15. b3 $146 {White is slightly better.} ({Predecessor:} 15. Re1 Be6 16. Nd5 Bxd5 17. exd5 Rfc8 {1-0 (56) Urytskyy,A (2206)-Voss,G (1946) Schney 2007}) 15... Be6 16. Kb2 Rac8 17. Rc1 Kg7 1/2-1/2

[Event "15th Avicenna Open Masters 2018"]
[Site "Avicenna"]
[Date "2018.08.18"]
[Round "3"]
[White "Hosseinzadeh, Nima"]
[Black "Matinian, Nikita"]
[Result "1/2-1/2"]
[WhiteElo "2299"]
[BlackElo "2506"]
[Annotator "ChessBase"]
[PlyCount "105"]
[EventDate "2018.08.17"]
[EventType "swiss"]
[EventCountry "IRI"]
[SourceTitle "playchess.com"]
[Source "ChessBase"]
[SourceQuality "1"]
[TimeControl "5400+30"]

1. e4 {[%emt 0:00:00]} e5 {[%emt 0:00:00]} 2. Nf3 {[%emt 0:00:22]} Nc6 {[%emt 0:00:00]} 3. Bb5 {[%emt 0:00:04]} a6 {[%emt 0:00:00]} 4. Ba4 {[%emt 0:00:08]} Nf6 {[%emt 0:00:00]} 5. O-O {[%emt 0:00:05]} Be7 {[%emt 0:00:00]} 6. Re1 {[%emt 0:00:04]} b5 {[%emt 0:00:06]} 7. Bb3 {[%emt 0:00:05]} d6 {[%emt 0:00:09]} 8. c3 {[%emt 0:00:07]} O-O {[%emt 0:00:06]} 9. h3 {[%emt 0:00:03]} Nb8 {[%emt 0:00:27]} 10. d4 {[%emt 0:00:06]} Nbd7 {[%emt 0:00:06]} 11. Nbd2 {[%emt 0:00:08]} Bb7 {[%emt 0:00:07]} 12. Bc2 {[%emt 0:00:06]} Re8 {[%emt 0:00:11]} 13. Nf1 {[%emt 0:00:06]} Bf8 {[%emt 0:00:10]} 14. Ng3 {[%emt 0:00:04]} g6 {[%emt 0:00:06]} 15. a4 {[%emt 0:00:34]} c6 {[%emt 0:00:54]} 16. Be3 {[%emt 0:00:49]} Qc7 {[%emt 0:02:30]} 17. Bd3 {[%emt 0:01:52]} Bg7 {[%emt 0:09:26]} 18. Qd2 {[%emt 0:01:44]} Nf8 {[%emt 0:00:56]} 19. b4 {[%emt 0:07:19]} Ne6 {[%emt 0:00:54]} 20. a5 {[%emt 0:17:37]} Nd7 {[%emt 0:08:12]} 21. Rad1 {[%emt 0:03:49]} Rad8 {[%emt 0:02:27]} 22. Qc1 {[%emt 0:11:13]} c5 {[%emt 0:01:55]} 23. d5 {[%emt 0:18:14]} Nf4 {[%emt 0:03:35]} 24. Bf1 {[%emt 0:00:03]} Rc8 {[%emt 0:03:42]} 25. Qd2 {[%emt 0:01:12]} Qd8 {[%emt 0:09:18]} 26. Rc1 {[%emt 0:00:20]} Qe7 {[%emt 0:00:54]} 27. c4 {[%emt 0:05:03]} bxc4 {[%emt 0:00:52]} 28. Rxc4 {[%emt 0:00:34]} h5 {[%emt 0:10:53]} 29. bxc5 {[%emt 0:01:38]} Nxc5 {[%emt 0:01:10]} 30. Bxc5 {[%emt 0:01:28]} dxc5 {[%emt 0:00:04]} 31. h4 {[%emt 0:03:47]} Red8 {[%emt 0:00:49]} 32. Qc2 {[%emt 0:02:52]} Bf6 {[%emt 0:03:19]} 33. Nh1 {[%emt 0:02:54]} Rc7 {[%emt 0:03:54]} 34. Rc1 {[%emt 0:06:38]} Rdc8 {[%emt 0:04:25]} 35. Rb1 {[%emt 0:00:01]} Rd8 {[%emt 0:04:12]} 36. g3 {[%emt 0:01:51]} Nxd5 {[%emt 0:00:19]} 37. Rxb7 {[%emt 0:00:25]} Rxb7 {[%emt 0:00:06]} 38. exd5 {[%emt 0:00:01]} Rxd5 {[%emt 0:00:26]} 39. g4 {[%emt 0:00:27]} Qd7 {[%emt 0:01:22]} 40. Ng3 {[%emt 0:08:20]} hxg4 {[%emt 0:00:53]} 41. Nh2 {[%emt 0:00:02]} Rd4 {[%emt 0:03:23]} 42. h5 {[%emt 0:04:21]} Kg7 {[%emt 0:02:27]} 43. hxg6 {[%emt 0:00:26]} fxg6 {[%emt 0:00:04]} 44. Rxc5 {[%emt 0:00:48]} Bh4 {[%emt 0:01:27]} 45. Bxa6 {[%emt 0:02:53]} Bxg3 {[%emt 0:06:14]} 46. Bxb7 {[%emt 0:01:07]} Bxh2+ {[%emt 0:00:14]} 47. Kxh2 {[%emt 0:00:50]} g3+ {[%emt 0:00:04]} 48. fxg3 {[%emt 0:00:38]} Rd2+ {[%emt 0:00:04]} 49. Bg2 {[%emt 0:00:21]} Rxc2 {[%emt 0:00:08]} 50. Rxc2 {[%emt 0:00:01]} Qa4 {[%emt 0:01:22]} 51. Rc7+ {[%emt 0:00:02]} Kh6 {[%emt 0:00:22]} 52. Ra7 {[%emt 0:00:18]} e4 {[%emt 0:01:06]} 53. Re7 {[%emt 0:00:22]} 1/2-1/2

[Event "15th Avicenna Open Masters 2018"]
[Site "Avicenna"]
[Date "2018.08.18"]
[Round "3"]
[White "Veisi, Bardia"]
[Black "Pavlov, Sergey"]
[Result "1/2-1/2"]
[WhiteElo "2273"]
[BlackElo "2496"]
[Annotator "RC"]
[PlyCount "71"]
[EventDate "2018.08.17"]
[EventType "swiss"]
[EventCountry "IRI"]
[SourceTitle "playchess.com"]
[Source "ChessBase"]
[SourceQuality "1"]
[TimeControl "5400+30"]

1. e4 {[%emt 0:00:11]} c5 {[%emt 0:01:12]} 2. Nf3 {[%emt 0:00:08]} e6 {[%emt 0:01:07]} 3. d4 {[%emt 0:00:06]} cxd4 {[%emt 0:00:06]} 4. Nxd4 {[%emt 0:00:06]} Nf6 {[%emt 0:00:05]} 5. Nc3 {[%emt 0:00:08]} Nc6 {[%emt 0:00:06]} 6. Ndb5 {[%emt 0:00:04]} d6 {[%emt 0:00:20]} 7. Bf4 {[%emt 0:00:07]} e5 {[%emt 0:00:09]} 8. Bg5 {[%emt 0:00:06]} a6 {[%emt 0:00:10]} 9. Na3 {[%emt 0:00:05]} Be6 {[%emt 0:00:17]} 10. Bxf6 {[%emt 0:00:06]} Qxf6 {[%emt 0:00:50]} 11. Nd5 {[%emt 0:02:39]} Qd8 {[%emt 0:04:51]} 12. Nc4 {[%emt 0:00:09]} Be7 {[%emt 0:01:45]} 13. c3 {[%emt 0:04:02]} Rb8 {[%emt 0:03:54]} 14. a4 {[%emt 0:05:46]} Bg5 {[%emt 0:04:12]} 15. a5 {[%emt 0:12:28]} O-O {[%emt 0:01:32]} 16. Be2 {[%emt 0:00:14]} Ne7 {[%emt 0:02:46]} 17. Nxe7+ {[%emt 0:03:19]} Bxe7 {[%emt 0:00:34]} 18. O-O {[%emt 0:02:46]} Qc7 {[%emt 0:02:28]} 19. Qd3 {[%emt 0:09:01]} Qc5 {[%emt 0:13:37]} 20. Rfd1 {[%emt 0:03:23]} f5 {[%emt 0:04:11]} 21. exf5 {[%emt 0:01:13]} Rxf5 {[%emt 0:03:07]} 22. Ne3 {[%emt 0:03:03]} Rf4 {[%emt 0:03:42]} 23. g3 {[%emt 0:07:20]} Rf7 {[%emt 0:01:00]} 24. Bg4 {[%emt 0:04:11]} Bxg4 {[%emt 0:03:05]} 25. Nxg4 {[%emt 0:00:06]} Rbf8 {[%emt 0:03:35]} 26. Rd2 {[%emt 0:04:42]} Bg5 {[%emt 0:07:21]} 27. Qxd6 {[%emt 0:05:01]} Qc8 {[%emt 0:02:55]} 28. Nxe5 {[%emt 0:00:41]} Rd8 {[%emt 0:01:11]} 29. Nxf7 {[%emt 0:00:06]} Kxf7 {[%emt 0:00:20]} 30. Qxd8 {[%emt 0:07:25]} Bxd8 {[%emt 0:00:14]} 31. Rd5 {[%emt 0:01:30]} Bf6 {[%emt 0:05:21]} 32. Rad1 {[%emt 0:00:31]} Qg4 {[%emt 0:02:08]} 33. R1d2 {[%emt 0:00:44]} Qe4 {[%emt 0:01:20]} 34. h4 {[%emt 0:01:56]} h5 {[%emt 0:05:42]} 35. Kh2 {[%emt 0:03:15]} Be5 {[%emt 0:03:34]} 36. f4 {[%emt 0:00:50]} 1/2-1/2

[Event "15th Avicenna Open Masters 2018"]
[Site "Avicenna"]
[Date "2018.08.18"]
[Round "3"]
[White "Tsomaia, Nikoloz"]
[Black "Morchiashvili, Bachana"]
[Result "0-1"]
[WhiteElo "2266"]
[BlackElo "2382"]
[Annotator "NA"]
[PlyCount "164"]
[EventDate "2018.08.17"]
[EventType "swiss"]
[EventCountry "IRI"]
[SourceTitle "playchess.com"]
[Source "ChessBase"]
[SourceQuality "1"]
[TimeControl "5400+30"]

1. e4 {[%emt 0:00:00]} c6 {[%emt 0:00:00]} 2. d4 {[%emt 0:00:00]} d5 {[%emt 0:00:00]} 3. exd5 {[%emt 0:00:00]} cxd5 {[%emt 0:00:00]} 4. Bd3 {[%emt 0:00:00]} Nc6 {[%emt 0:00:00]} 5. c3 {[%emt 0:00:00]} Qc7 {[%emt 0:00:07]} 6. h3 {[%emt 0:02:27]} g6 {[%emt 0:00:42]} 7. Nf3 {[%emt 0:00:19]} Bf5 {[%emt 0:01:15]} 8. Bxf5 {[%emt 0:00:08]} gxf5 {[%emt 0:00:03]} 9. Na3 {[%emt 0:00:34]} e6 {[%emt 0:03:59]} 10. Nb5 {[%emt 0:04:50]} Qd7 {[%emt 0:11:53]} 11. Bf4 {[%emt 0:02:02]} Rc8 {[%emt 0:00:06]} 12. Qa4 {[%emt 0:05:46]} a6 {[%emt 0:02:39]} 13. Na3 {[%emt 0:00:23]} Nge7 {[%emt 0:04:52]} 14. Nc2 {[%emt 0:02:27]} Ng6 {[%emt 0:00:33]} 15. Bh2 {[%emt 0:00:34]} f4 {[%emt 0:05:00]} 16. O-O {[%emt 0:03:42]} Bd6 {[%emt 0:00:44]} 17. a3 {[%emt 0:00:43]} O-O {[%emt 0:05:59]} 18. Nb4 {[%emt 0:01:34]} Kh8 {[%emt 0:03:33]} 19. Rae1 {[%emt 0:02:48]} Rg8 {[%emt 0:01:48]} 20. Kh1 {[%emt 0:02:29]} Qd8 {[%emt 0:01:47]} 21. Nd3 {[%emt 0:01:27]} Nh4 {[%emt 0:04:44]} 22. Nxh4 {[%emt 0:01:56]} Qxh4 {[%emt 0:00:05]} 23. f3 {[%emt 0:01:45]} Rg5 {[%emt 0:04:57]} 24. Re2 {[%emt 0:01:08]} Rcg8 {[%emt 0:01:01]} 25. Qd1 {[%emt 0:04:13]} Ne7 {[%emt 0:02:35]} 26. Qe1 {[%emt 0:02:52]} Qh6 {[%emt 0:06:14]} 27. Rff2 {[%emt 0:15:03]} Nf5 {[%emt 0:01:19]} 28. Ne5 {[%emt 0:00:45]} Bxe5 {[%emt 0:04:47]} 29. Rxe5 {[%emt 0:00:02]} R5g6 {[%emt 0:05:35]} 30. Rxf5 {[%emt 0:08:43]} exf5 {[%emt 0:00:06]} 31. Qe5+ {[%emt 0:00:07]} Qg7 {[%emt 0:02:54]} 32. Bxf4 {[%emt 0:00:32]} Qxe5 {[%emt 0:01:17]} 33. dxe5 {[%emt 0:00:06]} Rd8 {[%emt 0:00:57]} 34. Be3 {[%emt 0:00:20]} Kg8 {[%emt 0:00:18]} 35. Bd4 {[%emt 0:02:09]} f4 {[%emt 0:01:14]} 36. a4 {[%emt 0:01:24]} b5 {[%emt 0:01:52]} 37. b4 {[%emt 0:02:33]} h6 {[%emt 0:03:20]} 38. Ra2 {[%emt 0:00:45]} bxa4 {[%emt 0:01:02]} 39. Rxa4 {[%emt 0:00:03]} Kh7 {[%emt 0:00:34]} 40. Ra5 {[%emt 0:00:38]} Rc6 {[%emt 0:02:48]} 41. Kg1 {[%emt 0:03:15]} Kg6 {[%emt 0:00:14]} 42. Kf1 {[%emt 0:03:22]} Kf5 {[%emt 0:00:03]} 43. Ra2 {[%emt 0:03:15]} Rg8 {[%emt 0:01:11]} 44. Ke1 {[%emt 0:01:27]} Ke6 {[%emt 0:00:33]} 45. Kd1 {[%emt 0:03:12]} Kd7 {[%emt 0:00:35]} 46. Ke1 {[%emt 0:00:30]} Kc7 {[%emt 0:01:32]} 47. Kf1 {[%emt 0:02:43]} Kb7 {[%emt 0:01:34]} 48. Ra5 {[%emt 0:00:12]} Rcg6 {[%emt 0:00:47]} 49. Rxd5 {[%emt 0:08:43]} Kc6 {[%emt 0:00:07]} 50. c4 Rxg2 {[%emt 0:00:40]} 51. Rd6+ {[%emt 0:01:50]} Kc7 {[%emt 0:00:49]} 52. Bf2 {[%emt 0:04:12]} R2g6 {[%emt 0:01:38]} 53. Rd4 {[%emt 0:00:16]} Rb8 {[%emt 0:01:17]} 54. Be1 {[%emt 0:01:11]} f6 {[%emt 0:01:11]} 55. e6 {[%emt 0:01:15]} Re8 {[%emt 0:00:28]} 56. b5 {[%emt 0:00:12]} axb5 {[%emt 0:00:46]} 57. cxb5 {[%emt 0:00:03]} Kb6 {[%emt 0:00:54]} 58. Rd5 {[%emt 0:01:56]} Rg5 {[%emt 0:02:01]} 59. Bf2+ {[%emt 0:00:28]} Ka5 {[%emt 0:00:14]} 60. Be1+ {[%emt 0:02:22]} Ka4 {[%emt 0:00:30]} 61. Rd4+ {[%emt 0:01:53]} Kxb5 {[%emt 0:00:04]} 62. Rxf4 {[%emt 0:00:01]} Rxe6 {[%emt 0:01:28]} 63. Bh4 {[%emt 0:00:03]} Rg6 {[%emt 0:00:11]} 64. Rf5+ {[%emt 0:00:38]} Kc6 {[%emt 0:01:16]} 65. Ra5 {[%emt 0:00:11]} Rd6 {[%emt 0:00:47]} 66. Kf2 {[%emt 0:00:42]} Kd7 {[%emt 0:00:30]} 67. Bg3 {[%emt 0:00:20]} Rc6 {[%emt 0:00:44]} 68. Ra2 {[%emt 0:00:13]} Ke6 {[%emt 0:00:25]} 69. Bf4 {[%emt 0:00:28]} Rc5 {[%emt 0:00:43]} 70. Be3 {[%emt 0:00:40]} Rb5 {[%emt 0:00:08]} 71. Ra6+ {[%emt 0:00:18]} Ke5 {[%emt 0:00:58]} 72. Ra4 {[%emt 0:00:36]} Rb2+ {[%emt 0:00:52]} 73. Kf1 {[%emt 0:00:01]} Rb1+ {[%emt 0:01:25]} 74. Kf2 {[%emt 0:00:02]} Rh1 {[%emt 0:01:06]} 75. Rh4 {[%emt 0:00:38]} Rh2+ {[%emt 0:00:31]} 76. Kf1 {[%emt 0:00:01]} Ke6 {[%emt 0:00:24]} 77. Bf4 {[%emt 0:00:28]} Ra2 {[%emt 0:00:15]} 78. Rg4 {[%emt 0:01:11]} Kf5 {[%emt 0:00:51]} 79. Rh4 {[%emt 0:02:37]} Rgg2 {[%emt 0:00:38]} 80. Be3 {[%emt 0:00:44]} Rh2 {[%emt 0:01:19]} 81. Kg1 {[%emt 0:00:03]} Rhe2 {[%emt 0:00:21]} 82. Rf4+ {[%emt 0:00:01]} Kg6 {[%emt 0:00:11]} 0-1

[Event "15th Avicenna Open Masters 2018"]
[Site "Avicenna"]
[Date "2018.08.18"]
[Round "3"]
[White "Moradi, Amirmasoud"]
[Black "Guliev, Logman"]
[Result "0-1"]
[WhiteElo "2259"]
[BlackElo "2342"]
[Annotator "NA"]
[PlyCount "78"]
[EventDate "2018.08.17"]
[EventType "swiss"]
[EventCountry "IRI"]
[SourceTitle "playchess.com"]
[Source "ChessBase"]
[SourceQuality "1"]
[TimeControl "5400+30"]

1. e4 c5 2. Nf3 d6 3. d4 cxd4 4. Nxd4 Nf6 5. Nc3 Nc6 6. Be2 e5 7. Nb3 Be7 8. O-O O-O 9. Kh1 a5 10. a4 Nb4 11. f4 Be6 12. f5 Bd7 13. Bf3 Bc6 14. Qe2 h6 15. Be3 d5 16. Rad1 d4 17. Nxd4 exd4 18. Bxd4 Qc7 19. e5 Nd7 20. f6 gxf6 21. Bxc6 Qxc6 22. Qg4+ Kh7 23. exf6 Rg8 24. Qf5+ Rg6 25. Ne4 Bf8 26. Bc3 Ne5 27. h4 Kg8 28. Rf4 Nc4 29. Bd4 Nd6 30. Qxg6+ fxg6 31. f7+ Nxf7 32. Nf6+ Kh8 33. Ne8+ Bg7 34. Nxg7 Kg8 35. Rdf1 Nxc2 36. Bc3 Qd5 37. Rf6 Ne3 38. Rxg6 Nh8 39. Rf3 Qxf3 0-1

[Event "15th Avicenna Open Masters 2018"]
[Site "Avicenna"]
[Date "2018.08.18"]
[Round "3"]
[White "Aghaei, Alireza"]
[Black "Czebe, Attila"]
[Result "1/2-1/2"]
[WhiteElo "2256"]
[BlackElo "2411"]
[Annotator "NA"]
[PlyCount "76"]
[EventDate "2018.08.17"]
[EventType "swiss"]
[EventCountry "IRI"]
[SourceTitle "playchess.com"]
[Source "ChessBase"]
[SourceQuality "1"]
[TimeControl "5400+30"]

1. d4 {[%emt 0:08:11]} Nf6 {[%emt 0:00:00]} 2. Bg5 {[%emt 0:00:16]} e6 {[%emt 0:00:21]} 3. e4 {[%emt 0:00:14]} h6 {[%emt 0:00:08]} 4. Bxf6 {[%emt 0:00:07]} Qxf6 {[%emt 0:00:04]} 5. c3 {[%emt 0:00:14]} d6 {[%emt 0:00:26]} 6. Bd3 {[%emt 0:00:46]} e5 {[%emt 0:02:04]} 7. Ne2 {[%emt 0:00:32]} Qd8 {[%emt 0:00:48]} 8. O-O {[%emt 0:02:04]} Be7 {[%emt 0:00:06]} 9. f4 {[%emt 0:01:17]} O-O {[%emt 0:00:30]} 10. Nd2 {[%emt 0:02:17]} exd4 {[%emt 0:03:00]} 11. Nxd4 {[%emt 0:09:42]} Re8 {[%emt 0:03:38]} 12. Qh5 {[%emt 0:04:21]} g6 {[%emt 0:09:36]} 13. Qxh6 {[%emt 0:18:08]} Bf8 {[%emt 0:00:37]} 14. Qg5 {[%emt 0:00:08]} Qxg5 {[%emt 0:00:07]} 15. fxg5 {[%emt 0:00:03]} Nc6 {[%emt 0:03:18]} 16. N2f3 {[%emt 0:13:48]} Bg7 {[%emt 0:12:00]} 17. Rae1 {[%emt 0:04:29]} Re7 {[%emt 0:03:09]} 18. Nc2 {[%emt 0:04:37]} Be6 {[%emt 0:00:58]} 19. a3 {[%emt 0:03:05]} Ne5 {[%emt 0:13:44]} 20. Nxe5 {[%emt 0:02:37]} Bxe5 {[%emt 0:00:12]} 21. Ne3 {[%emt 0:00:57]} c6 {[%emt 0:00:58]} 22. Nc4 {[%emt 0:05:26]} b5 {[%emt 0:02:22]} 23. Nxe5 {[%emt 0:00:55]} dxe5 {[%emt 0:00:03]} 24. Be2 {[%emt 0:01:41]} a5 {[%emt 0:01:10]} 25. Rd1 {[%emt 0:01:15]} b4 {[%emt 0:00:08]} 26. Rd6 {[%emt 0:05:30]} bxa3 {[%emt 0:00:56]} 27. bxa3 {[%emt 0:00:04]} Rb8 {[%emt 0:00:00]} 28. Rxc6 {[%emt 0:03:41]} Rb2 {[%emt 0:00:01]} 29. Bf3 {[%emt 0:00:42]} Ra2 {[%emt 0:00:16]} 30. Rb1 {[%emt 0:06:19]} Rxa3 {[%emt 0:00:26]} 31. Rb8+ {[%emt 0:01:20]} Kg7 {[%emt 0:00:02]} 32. Ra6 {[%emt 0:00:23]} a4 {[%emt 0:00:45]} 33. Rba8 {[%emt 0:00:18]} Bb3 {[%emt 0:02:16]} 34. Ra5 {[%emt 0:00:27]} Rc7 {[%emt 0:08:44]} 35. Kf2 {[%emt 0:01:02]} Ra1 {[%emt 0:03:12]} 36. Kg3 {[%emt 0:00:28]} Rxc3 {[%emt 0:00:42]} 37. Rxe5 {[%emt 0:00:07]} Be6 {[%emt 0:00:53]} 38. Rb5 {[%emt 0:00:14]} Rc8 {[%emt 0:10:16]} 1/2-1/2

[Event "15th Avicenna Open Masters 2018"]
[Site "Avicenna"]
[Date "2018.08.19"]
[Round "4"]
[White "Mosadeghpour, Masoud"]
[Black "Hosseinzadeh, Nima"]
[Result "1/2-1/2"]
[WhiteElo "2525"]
[BlackElo "2299"]
[Annotator "RC"]
[PlyCount "158"]
[EventDate "2018.08.17"]
[EventType "swiss"]
[EventCountry "IRI"]
[SourceTitle "playchess.com"]
[Source "ChessBase"]
[SourceQuality "1"]
[TimeControl "5400+30"]

1. e4 {[%emt 0:01:51]} e5 {[%emt 0:05:40]} 2. Nf3 {[%emt 0:00:17]} Nc6 {[%emt 0:00:06]} 3. Bb5 {[%emt 0:00:02]} a6 {[%emt 0:00:09]} 4. Ba4 {[%emt 0:00:02]} Nf6 {[%emt 0:00:07]} 5. O-O {[%emt 0:00:44]} Nxe4 {[%emt 0:00:09]} 6. d4 {[%emt 0:00:08]} b5 {[%emt 0:00:05]} 7. Bb3 {[%emt 0:00:02]} d5 {[%emt 0:00:04]} 8. dxe5 {[%emt 0:00:03]} Be6 {[%emt 0:00:11]} 9. Nbd2 {[%emt 0:00:03]} Nc5 {[%emt 0:00:12]} 10. c3 {[%emt 0:00:02]} d4 {[%emt 0:00:05]} 11. Bxe6 {[%emt 0:00:04]} Nxe6 {[%emt 0:00:06]} 12. cxd4 {[%emt 0:00:03]} Ncxd4 {[%emt 0:00:08]} 13. a4 {[%emt 0:00:03]} Bc5 {[%emt 0:00:18]} 14. Ne4 {[%emt 0:00:01]} O-O {[%emt 0:00:28]} 15. Nxc5 {[%emt 0:00:18]} Nxf3+ {[%emt 0:00:06]} 16. Qxf3 {[%emt 0:00:03]} Nxc5 {[%emt 0:00:07]} 17. axb5 {[%emt 0:00:02]} axb5 {[%emt 0:00:10]} 18. Bg5 {[%emt 0:00:06]} Rxa1 {[%emt 0:00:05]} 19. Bxd8 {[%emt 0:00:18]} Rxf1+ {[%emt 0:00:02]} 20. Kxf1 {[%emt 0:00:07]} Rxd8 {[%emt 0:00:02]} 21. Qc6 {[%emt 0:07:21]} Ne6 {[%emt 0:00:09]} 22. g3 {[%emt 0:01:42]} g6 {[%emt 0:00:24]} 23. Qxb5 {[%emt 0:00:36]} c5 {[%emt 0:00:01]} 24. Ke1 {[%emt 0:05:05]} Rd4 {[%emt 0:02:05]} 25. Qb3 {[%emt 0:14:39]} Kg7 {[%emt 0:01:23]} 26. Qc3 {[%emt 0:01:57]} Kg8 {[%emt 0:01:20]} 27. h3 {[%emt 0:04:35]} Kg7 {[%emt 0:07:26]} 28. Ke2 {[%emt 0:05:10]} Kg8 {[%emt 0:11:00]} 29. Ke3 {[%emt 0:04:51]} Rb4 {[%emt 0:12:49]} 30. Qc2 {[%emt 0:06:12]} Kg7 {[%emt 0:10:25]} 31. f4 {[%emt 0:10:23]} h5 {[%emt 0:05:30]} 32. h4 {[%emt 0:13:57]} Kg8 {[%emt 0:00:14]} 33. Kd3 {[%emt 0:04:55]} Rd4+ {[%emt 0:01:30]} 34. Kc3 {[%emt 0:02:29]} Rb4 {[%emt 0:00:39]} 35. Qg2 {[%emt 0:06:47]} Rd4 {[%emt 0:01:16]} 36. Qf2 {[%emt 0:01:45]} Re4 {[%emt 0:02:49]} 37. f5 {[%emt 0:03:53]} gxf5 {[%emt 0:00:14]} 38. Qxf5 {[%emt 0:00:04]} Re3+ {[%emt 0:00:35]} 39. Kc4 {[%emt 0:00:01]} Rxg3 {[%emt 0:00:12]} 40. Qxh5 {[%emt 0:00:06]} Rg2 {[%emt 0:00:42]} 41. b3 {[%emt 0:02:07]} Rc2+ {[%emt 0:03:33]} 42. Kb5 {[%emt 0:00:01]} Rb2 {[%emt 0:01:32]} 43. Qg4+ {[%emt 0:02:31]} Kh8 {[%emt 0:00:22]} 44. Qg3 {[%emt 0:03:40]} Rd2 {[%emt 0:03:03]} 45. Kc6 {[%emt 0:01:49]} Rd4 {[%emt 0:00:17]} 46. Qf3 {[%emt 0:01:27]} Rf4 {[%emt 0:00:41]} 47. Qh5+ {[%emt 0:00:36]} Kg7 {[%emt 0:01:53]} 48. Kd6 {[%emt 0:00:04]} c4 {[%emt 0:20:01]} 49. bxc4 {[%emt 0:00:52]} Rxc4 {[%emt 0:00:03]} 50. Qf3 {[%emt 0:00:27]} Rf4 {[%emt 0:00:26]} 51. Qg2+ {[%emt 0:00:29]} Kh7 {[%emt 0:00:21]} 52. Ke7 {[%emt 0:00:30]} Kh8 {[%emt 0:00:22]} 53. Qc2 {[%emt 0:00:38]} Kg7 {[%emt 0:00:54]} 54. Qc1 {[%emt 0:00:29]} Kg8 {[%emt 0:00:19]} 55. Qc8+ {[%emt 0:00:31]} Kg7 {[%emt 0:00:11]} 56. h5 {[%emt 0:00:25]} Kh7 {[%emt 0:00:18]} 57. Qa8 {[%emt 0:00:33]} Kg7 {[%emt 0:00:08]} 58. Qg2+ {[%emt 0:00:31]} Kh7 {[%emt 0:00:08]} 59. Qg3 {[%emt 0:00:17]} Kh8 {[%emt 0:00:44]} 60. h6 {[%emt 0:00:27]} Kh7 {[%emt 0:00:08]} 61. Qh3 {[%emt 0:00:41]} Rf2 {[%emt 0:08:13]} 62. Qd3+ {[%emt 0:00:05]} Kh8 {[%emt 0:01:26]} 63. Qb1 {[%emt 0:00:09]} Rf4 {[%emt 0:00:56]} 64. h7 {[%emt 0:01:11]} Ng5 {[%emt 0:02:56]} 65. Qc1 {[%emt 0:00:01]} Ne6 {[%emt 0:01:17]} 66. Qc2 {[%emt 0:00:04]} Ng5 {[%emt 0:00:50]} 67. Qc1 {[%emt 0:00:40]} Ne6 {[%emt 0:00:02]} 68. Qh1 {[%emt 0:00:24]} Ng5 {[%emt 0:00:36]} 69. Qh6 Rf5 {[%emt 0:01:37]} 70. Qh4 {[%emt 0:01:55]} Rxe5+ 71. Kf6 {[%emt 0:00:16]} Rd5 {[%emt 0:02:25]} 72. Qc4 {[%emt 0:00:51]} Nxh7+ {[%emt 0:00:27]} 73. Ke7 {[%emt 0:00:27]} Re5+ {[%emt 0:00:34]} 74. Kxf7 {[%emt 0:00:17]} Rf5+ {[%emt 0:00:06]} 75. Ke6 {[%emt 0:00:14]} Rf6+ {[%emt 0:00:09]} 76. Ke7 {[%emt 0:00:25]} Kg7 {[%emt 0:00:03]} 77. Qg4+ {[%emt 0:00:47]} Rg6 {[%emt 0:00:17]} 78. Qd4+ {[%emt 0:00:26]} Rf6 {[%emt 0:00:02]} 79. Qd5 {[%emt 0:00:22]} Kh8 1/2-1/2

[Event "15th Avicenna Open Masters 2018"]
[Site "Avicenna"]
[Date "2018.08.19"]
[Round "4"]
[White "Matinian, Nikita"]
[Black "Veisi, Bardia"]
[Result "1/2-1/2"]
[WhiteElo "2506"]
[BlackElo "2273"]
[Annotator "ChessBase"]
[PlyCount "84"]
[EventDate "2018.08.17"]
[EventType "swiss"]
[EventCountry "IRI"]
[SourceTitle "playchess.com"]
[Source "ChessBase"]
[SourceQuality "1"]
[TimeControl "5400+30"]

1. e4 {[%emt 0:00:00]} c5 {[%emt 0:00:52]} 2. Nf3 {[%emt 0:00:00]} d6 {[%emt 0:00:13]} 3. d4 {[%emt 0:00:00]} cxd4 {[%emt 0:00:06]} 4. Nxd4 {[%emt 0:00:00]} Nf6 {[%emt 0:00:09]} 5. Nc3 {[%emt 0:00:00]} a6 {[%emt 0:00:28]} 6. Bg5 {[%emt 0:05:16]} e6 {[%emt 0:00:08]} 7. f4 {[%emt 0:00:05]} h6 {[%emt 0:00:04]} 8. Bh4 {[%emt 0:00:04]} Qb6 {[%emt 0:00:05]} 9. a3 {[%emt 0:00:58]} Be7 {[%emt 0:00:06]} 10. Bf2 {[%emt 0:00:28]} Qc7 {[%emt 0:00:06]} 11. Bd3 {[%emt 0:06:15]} b5 {[%emt 0:04:31]} 12. Qe2 {[%emt 0:05:30]} Nbd7 {[%emt 0:00:35]} 13. O-O-O {[%emt 0:02:28]} Bb7 {[%emt 0:00:06]} 14. Rhe1 {[%emt 0:00:34]} Nc5 {[%emt 0:13:15]} 15. Kb1 {[%emt 0:09:11]} Rb8 {[%emt 0:10:26]} 16. Bg3 {[%emt 0:11:55]} Qb6 {[%emt 0:08:33]} 17. e5 {[%emt 0:06:15]} dxe5 {[%emt 0:00:18]} 18. fxe5 {[%emt 0:02:38]} Nd5 {[%emt 0:03:19]} 19. Nxd5 {[%emt 0:03:43]} Bxd5 {[%emt 0:00:08]} 20. c3 {[%emt 0:00:07]} Bc4 {[%emt 0:03:37]} 21. Bxc4 {[%emt 0:04:54]} bxc4 {[%emt 0:00:08]} 22. Rd2 {[%emt 0:00:40]} Nd3 {[%emt 0:06:27]} 23. Rf1 {[%emt 0:01:20]} Bxa3 {[%emt 0:01:44]} 24. Bf2 {[%emt 0:08:22]} Bc5 {[%emt 0:38:00]} 25. Be3 {[%emt 0:02:08]} O-O {[%emt 0:00:46]} 26. Rf3 {[%emt 0:01:05]} Nxe5 {[%emt 0:01:08]} 27. Rg3 {[%emt 0:00:03]} Ng6 {[%emt 0:00:13]} 28. h4 {[%emt 0:05:55]} e5 {[%emt 0:03:39]} 29. Nf5 {[%emt 0:00:08]} Bxe3 {[%emt 0:00:06]} 30. Nxe3 {[%emt 0:00:08]} Nxh4 {[%emt 0:01:12]} 31. Nxc4 {[%emt 0:01:47]} Qb5 {[%emt 0:00:51]} 32. Qxe5 {[%emt 0:02:50]} Nf5 {[%emt 0:01:15]} 33. Rg4 {[%emt 0:07:45]} Rfe8 {[%emt 0:00:50]} 34. Qxb5 {[%emt 0:00:08]} Rxb5 {[%emt 0:01:01]} 35. b4 {[%emt 0:01:13]} h5 {[%emt 0:00:08]} 36. Rf4 {[%emt 0:01:15]} Re1+ {[%emt 0:00:18]} 37. Kb2 {[%emt 0:00:13]} g5 {[%emt 0:00:07]} 38. Rff2 {[%emt 0:00:40]} Re6 {[%emt 0:01:49]} 39. Na3 {[%emt 0:00:50]} Rbe5 {[%emt 0:00:06]} 40. Nc4 {[%emt 0:00:14]} Rb5 {[%emt 0:00:09]} 41. Na3 {[%emt 0:00:05]} Rbe5 {[%emt 0:00:13]} 42. Nc4 {[%emt 0:00:04]} Rb5 {[%emt 0:00:08]} 1/2-1/2